000 00265nam a2200121Ia 4500
008 190216s9999||||xx |||||||||||||| ||und||
100 _aNull
245 0 _aFourth 5 Year Plan 1969-1974
260 _bNull
_c1969
300 _a203p
650 _aEconomics
942 _cBK
999 _c9181
_d9181